Биология. (Запис номер 364739)
[ съкратено ]
| 000 -Лидер | |
|---|---|
| Контролно поле с фиксирана дължина | 01865nam a2200373 c 4500 |
| 003 - Код на организацията, давaща контролен номер | |
| Контролно поле | BLK |
| 005 - Дата и час на последна редакция | |
| Контролно поле | 20200527171159.0 |
| 008 - Елементи от данни с фиксирана дължина | |
| fixed length control field | 200311b bul|||||r ||||||| ||bul|| |
| 010 ## - Наследен системен номер | |
| LC control number | KNG00099035RET |
| 020 ## - Международен стандартен номер на книга ISBN | |
| Международен стандартен номер на книга ISBN | БК 2332 |
| 040 ## - Източник на каталожния запис | |
| Идентификатор на билиотеката - собственик на записа | BLK |
| 041 ## - Код за език | |
| Код за езика на текст/звукозапис или на отделно заглавие | Руски |
| Код за езика КДБФ | Руски |
| 080 ## - УДК | |
| Текстов определител УДК | Обща биология |
| УДК код - определител по УДК | 574/577 |
| УДК определител | (075.3) |
| УДК - код + определител | 574/577(075.3) |
| 100 ## - Редна дума - Автор | |
| Автор | Ангелов, Павел |
| Авторска отговорност | първи автор |
| R(LIN) | 251436 |
| 139 ## - Редно поле | |
| Редна дума | Ангелов, Павел и др. |
| Авторски знак | Ан - А 64 |
| 245 10 - Сведения за заглавието | |
| Заглавие | Биология. |
| Подзаглавни данни | Учебник для IХ кл. единой средней политехн. школы с преподаванием на рус. язык. |
| Редно поле (дума) | Павел Ангелов; съавт. Жечо Вичев Ганев; съавт. Невяна Петрова Димитрова; прев. от бълг. Тамара Атанасова; |
| 250 ## - Област на изданието | |
| Сведения за изданието | 2. прераб. изд |
| 257 ## - Страна на издаване | |
| Страна на създаване/издаване | България |
| 260 ## - Област на издателските данни | |
| Място на издаване, разпространение и проч. | София |
| Име на издателя, разпространителя и проч. | Нар. просв. |
| Година на издаване | 1984 |
| 9 (RLIN) | 216179 |
| 300 ## - Физическа характеристика | |
| Страници | 71 с. |
| Илюстрации и др. | с ил., 4 л. цв. ил. |
| Размери/Мащаб | 24 см |
| 380 ## - Жанр | |
| Жанр | Естествени науки. Математика |
| 500 ## - Общи забележки | |
| Забележка | Ориг. загл. Биология. - Авт. не са отбелязани на кор. ; <br/>1. изд. 1981. 7 082 тир. 0,49 лв. |
| 650 #0 - Допълнително описание по предмет – тема | |
| 9 (RLIN) | 247367 |
| Основно описание – тема или топоним | Биология - учебници за средни училища |
| 653 #7 - Ключова дума – ненормативна | |
| Ключова дума | биология |
| 9 (RLIN) | 182016 |
| 700 ## - Други автори (авторска отговорност) | |
| Лично име | Ганев, Жечо Вичев |
| Автороска отговорност (Описва отношението между автора и произведението) | съавт. |
| 9 (RLIN) | 376930 |
| 700 ## - Други автори (авторска отговорност) | |
| Лично име | Петрова, Невяна |
| Автороска отговорност (Описва отношението между автора и произведението) | съавт. |
| 9 (RLIN) | 368382 |
| Друга информация | Димитрова, Невяна Петрова |
| 700 ## - Други автори (авторска отговорност) | |
| Лично име | Атанасова, Тамара Тодорова |
| Автороска отговорност (Описва отношението между автора и произведението) | прев. от бълг. |
| 9 (RLIN) | 1040 |
| 852 ## - Местоположение | |
| Форматна сигнатура | БК 2332 |
| 856 4# - Електронен адрес и достъп | |
| Електронен формат | pdf - файл |
| Път до файла /url/ | |
| 856 4# - Електронен адрес и достъп | |
| Електронен формат | pdf - файл |
| Път до файла /url/ | |
| 999 ## - СИСТЕМНИ КОНТРОЛНИ НОМЕРА | |
| Koha biblionumber | 364739 |
| Koha biblioitemnumber | 364739 |
| 942 ## - АРТИКУЛИ | |
| Вид на библиотечния материал | Книги |
| Скрит в OPAC | Не |
| Периодичен библиозапис | Да |
| 944 ## - СЪЗДАВАНЕ И РЕДАКЦИЯ на ЗАПИСА | |
| Създаване/Редакция | Създаване |
| Дата на регистрацията/редакция | 2020-05-27 |
| Служител, извършил регистрацията/редакцията | Ивелин Русев |
| 999 ## - СИСТЕМНИ КОНТРОЛНИ НОМЕРА | |
| Koha biblioitemnumber | 364739 |
| 999 ## - СИСТЕМНИ КОНТРОЛНИ НОМЕРА | |
| Koha biblioitemnumber | 435742 |
| Код за отписване | Код за изгубен артикул | Източник на класификационната схема | Код за повреда | Коз за рестрикции | Код за отдаване | Артикулен № | Име на библиотеката - собственик | Име на библиотеката, в която се намира в момента | Статус (Текущо местоположение) | Дата на вписване в системата | Местоположение - отдел | Цена в лева | Инвентарен номер | Систематично азбучна сигнатура | Баркод | Цена в евро | Служебен тип на артикула |
|---|---|---|---|---|---|---|---|---|---|---|---|---|---|---|---|---|---|
| Не е изгубен | Universal Decimal Classification | Не е повреден | без рестрикции | ползва се в читалня | 772651 | Регионална библиотека "Любен Каравелов" Русе | Регионална библиотека "Любен Каравелов" Русе | Хранилище | 2020-05-28 | Хранилище | 0.49 | 404473 | Цб 126413 | 120000404473 | 0.25 | Книги |